|
|
|
|
| LEADER |
01006cam a2200265 7i4500 |
| 001 |
0000064870 |
| 005 |
20211223090000.0 |
| 020 |
|
|
|a 9781780648644 (electronic book)
|
| 090 |
0 |
0 |
|a G155.A726
|b A78 2017
|
| 245 |
0 |
0 |
|a Arctic tourism experiences :
|b production, consumption & sustainability
|c edited by Young-Sook Lee, David B. Weaver, Nina K. Prebensen.
|
| 264 |
|
|
|a Oxfordshire, UK:
|b CABI,
|c 2017.
|
| 300 |
|
|
|a 1 online resource (xiv, 202 pages):
|b text file, PDF.
|
| 336 |
|
|
|a text
|2 rdacontent
|
| 337 |
|
|
|a computer
|2 rdamedia
|
| 338 |
|
|
|a online resource
|2 rdacarrier
|
| 650 |
|
0 |
|a Tourism --
|z Arctic regions
|
| 650 |
|
0 |
|a Sustainable tourism --
|z Arctic regions
|
| 655 |
|
0 |
|a Electronic books
|
| 700 |
1 |
|
|a Lee, Young-Sook
|
| 700 |
1 |
|
|a Weaver, David B.
|
| 700 |
1 |
|
|a Prebensen, Nina K.
|
| 856 |
4 |
2 |
|u http://library.unisel.edu.my/web/guest/mylibrary
|
| 997 |
|
|
|a Business & Accountancy, Faculty
|
| 998 |
|
|
|a Business Management, Degree
|
| 999 |
|
|
|a EBO0009472
|b EBOOK
|c EBOOK
|e Electronic resources
|